Регионална библиотека "Любен Каравелов" - Русе

[Седемдесет и седем] 77 приказки от цял свят (Запис номер 63059)

MARC детайли
000 -Лидер
Контролно поле с фиксирана дължина 01323nam a2200349 c 4500
003 - Код на организацията, давaща контролен номер
Контролно поле BLK
005 - Дата и час на последна редакция
Контролно поле 20190729102100.0
008 - Елементи от данни с фиксирана дължина
fixed length control field 180408b bul|||||r ||||||| ||bul||
010 ## - Наследен системен номер
LC control number KNG00067287000
020 ## - Международен стандартен номер на книга ISBN
Международен стандартен номер на книга ISBN 954-459-918-5
040 ## - Източник на каталожния запис
Идентификатор на билиотеката - собственик на записа BLK
041 ## - Код за език
Код за езика на текст/звукозапис или на отделно заглавие Български
Код за езика КДБФ Български
080 ## - УДК
Текстов определител УДК Литература на отделни езици и езикови семейства
УДК код - определител по УДК 821
УДК определител -93-34
УДК - код + определител 821-93-34
139 ## - Редно поле
Редна дума [Седемдесет и седем] 77 приказки от цял свят
Авторски знак Се - С 30
245 10 - Сведения за заглавието
Заглавие [Седемдесет и седем] 77 приказки от цял свят
Редно поле (дума) прев. Ели Доник Буздрева.
250 ## - Област на изданието
Сведения за изданието 2. изд.
257 ## - Страна на издаване
Страна на създаване/издаване Сборници - Свят
260 ## - Област на издателските данни
Име на издателя, разпространителя и проч. Хермес
Година на издаване 2006
Печатница Хасково : Полиграфюг
300 ## - Физическа характеристика
Страници 448 с.
Размери/Мащаб 24 см
380 ## - Жанр
Жанр Детска худож. лит.
490 1# - СЕРИИ (Колекции)
Име на серия Имало едно време
500 ## - Общи забележки
Забележка 1. изд. 1999. - Офс. изд.
653 ## - Ключова дума – ненормативна
Ключова дума приказки
653 ## - Ключова дума – ненормативна
Ключова дума литература за деца
653 ## - Ключова дума – ненормативна
Ключова дума детска литература
700 1# - Други автори (авторска отговорност)
Лично име Буздрева, Ели Доник
Автороска отговорност (Описва отношението между автора и произведението) прев.
9 (RLIN) 43711
852 ## - Местоположение
Форматна сигнатура Цб 228493
856 4# - Електронен адрес и достъп
Електронен формат pdf - файл
856 4# - Електронен адрес и достъп
Електронен формат pdf - файл
999 ## - СИСТЕМНИ КОНТРОЛНИ НОМЕРА
Koha biblionumber 63059
Koha biblioitemnumber 63059
942 ## - АРТИКУЛИ
Вид на библиотечния материал Книги
Скрит в OPAC Не
Koha issues (borrowed), all copies 3
Периодичен библиозапис Да
944 ## - СЪЗДАВАНЕ И РЕДАКЦИЯ на ЗАПИСА
Създаване/Редакция Създаване
Дата на регистрацията/редакция 27.07.2006
Статус, дата на статуса ф /
Служител, извършил регистрацията/редакцията Людмила_Стоянова
944 ## - СЪЗДАВАНЕ И РЕДАКЦИЯ на ЗАПИСА
Създаване/Редакция Редакция
Дата на регистрацията/редакция 15.10.2012
Статус, дата на статуса ф /
999 ## - СИСТЕМНИ КОНТРОЛНИ НОМЕРА
Koha biblioitemnumber 63059
Наличности
Код за отписване Код за изгубен артикул Източник на класификационната схема Код за повреда Коз за рестрикции Код за отдаване Артикулен № Име на библиотеката - собственик Име на библиотеката, в която се намира в момента Статус (Текущо местоположение) Дата на вписване в системата Местоположение - отдел Цена в лева Инвентарен номер Систематично азбучна сигнатура Баркод Номер на екземпляра Цена в евро Служебна бележка Служебен тип на артикула
  Не е изгубен Universal Decimal Classification Не е повреден без рестрикции заемане за дома 104538 Регионална библиотека "Любен Каравелов" Русе Регионална библиотека "Любен Каравелов" Русе Детски отдел 2006-07-27 Детски отдел 7.99 120000703943 Д 820/899/С 30 120000703943 1 4.09 Дост: Pk Вид: Ф N: 42649 Дата: 26.07.2006 Дата инв: 10.08.2015 Бележки инв: Д2015 Книги
Изтеглен Не е изгубен Universal Decimal Classification Не е повреден без рестрикции заемане за дома 104539 Регионална библиотека "Любен Каравелов" Русе Регионална библиотека "Любен Каравелов" Русе Детски отдел 2006-07-27 Детски отдел 7.99 120000703944 Д 820/899/С 30 120000703944 2 4.09 Дост: Pk Вид: Ф N: 42649 Дата: 26.07.2006 Дата инв: 10.08.2015 Бележки инв: Д2015 Книги
  Не е изгубен   Не е повреден без рестрикции заемане за дома 104540 Регионална библиотека "Любен Каравелов" Русе Регионална библиотека "Любен Каравелов" Русе Детски отдел 2006-07-27 Детски отдел 7.99 120000703945 Д 820/899/С 30 120000703945 3 4.09 Дост: Pk Вид: Ф N: 42649 Дата: 26.07.2006 Дата инв: 25.08.2015 Бележки инв: Д2015 Книги
Изтеглен Не е изгубен Universal Decimal Classification Не е повреден без рестрикции заемане за дома 104541 Регионална библиотека "Любен Каравелов" Русе Регионална библиотека "Любен Каравелов" Русе Детски отдел 2007-05-30 Детски отдел 7.99 120000714075 Д 820/899/С 30 120000714075 4 4.09 Дост: DA Вид: А N: 4 Дата: 29.05.2007 Дата инв: 26.08.2015 Бележки инв: Д2015 Книги
  Не е изгубен   Не е повреден без рестрикции ползва се в читалня 104542 Регионална библиотека "Любен Каравелов" Русе Регионална библиотека "Любен Каравелов" Русе Хранилище 2012-07-27 Основен фонд - ползва се само за читалня 7.99 120000759147 Цб 228493 120000759147 5 4.09 Дост: DA Вид: А N: 15 Дата: 25.07.2012 Книги
  Не е изгубен Universal Decimal Classification Не е повреден без рестрикции заемане за дома 731294 Регионална библиотека "Любен Каравелов" Русе Регионална библиотека "Любен Каравелов" Русе Детски отдел 2019-07-31 Детски отдел 7.00   ДХ 820/899/ С30 120000835331   3.58   Книги
Vip Innovations Ltd, Rousse, Bulgaria 2025